La psychose selon Lacan : Evolution d'un concept (notice n° 1608242)
[ vue normale ]
| 000 -LEADER | |
|---|---|
| fixed length control field | 00930cam a2200133 4500500 |
| 005 - DATE AND TIME OF LATEST TRANSACTION | |
| control field | 20251228142316.0 |
| 041 ## - LANGUAGE CODE | |
| Language code of text/sound track or separate title | fre |
| 042 ## - AUTHENTICATION CODE | |
| Authentication code | dc |
| 100 10 - MAIN ENTRY--PERSONAL NAME | |
| Personal name | Fellahian, Corinne |
| Relator term | author |
| 245 00 - TITLE STATEMENT | |
| Title | La psychose selon Lacan : Evolution d'un concept |
| 260 ## - PUBLICATION, DISTRIBUTION, ETC. | |
| Name of publisher, distributor, etc. | L'Harmattan,<br/> |
| Date of publication, distribution, etc. | 2005.<br/> |
| 520 ## - SUMMARY, ETC. | |
| Summary, etc. | L'oeuvre de Lacan, aussi essentielle en psychanalyse qu'impénétrable aux non-initiés, se déploie sur un demi-siècle et la théorisation de la psychose y occupe une place centrale. Quel est l'apport de Lacan en la matière et quelle en est la fécondité tant pratique que théorique ? C'est à ces questions que cet ouvrage clair et précis apporte une réponse, en proposant une lecture diachronique (de 1931 à 1976) et critique des principales contributions de Lacan à la conceptualisation de la psychose. |
| 856 41 - ELECTRONIC LOCATION AND ACCESS | |
| Uniform Resource Identifier | <a href="https://shs.cairn.info/La-psychose-selon-Lacan--9782747590884?lang=fr&redirect-ssocas=7080">https://shs.cairn.info/La-psychose-selon-Lacan--9782747590884?lang=fr&redirect-ssocas=7080</a> |
Pas d'exemplaire disponible.




Réseaux sociaux